| 000 | 01129nam a2200265 a 4500 | ||
|---|---|---|---|
| 001 | 40664 | ||
| 003 | BD-RjUL | ||
| 005 | 20211209053249.0 | ||
| 008 | 160507s1983 bg ||||| b||| 001 0 ben d | ||
| 020 | _c: TK.46.00 | ||
| 035 | _a(BD-RjUL)40779 | ||
| 040 |
_aBD-RjUL _bben _cBD-RjUL |
||
| 041 | _aben | ||
| 082 |
_223 _bCHJ 1983 _a297.4092 |
||
| 100 |
_aচৌধুরী, দেওয়ান নূরুল আনোয়ার হোসেন _9125108 |
||
| 245 | 1 | 0 |
_aজালালাবাদের কথা / _cদেওয়ান নূরুল আনোয়ার হোসেন চৌধুরী |
| 260 |
_aঢাকা : _bবাংলা একাডেমী, _c১৯৮৩ |
||
| 300 |
_a[১৬], ৩৭২ পৃ. ; _c২১ সেমি. |
||
| 490 |
_aবাএ : _v১৩৩২ |
||
| 504 | _aগ্রন্থপঞ্জী ও নির্ঘণ্ট সংযুক্ত | ||
| 650 |
_aসূফী _zসিলেট জেলা _zবাংলাদেশ _9125113 |
||
| 650 |
_aSufis _zSylet District _zBangladesh _9125114 |
||
| 830 |
_aবাএ : _v১৩৩২ _9125184 |
||
| 942 |
_2ddc _cBK |
||
| 999 |
_c40664 _d40664 |
||